Cognitive semantics and scientific knowledge (Record no. 929938)

MARC details
000 -LEADER
fixed length control field 00964nam a2200289Ia 4500
003 - CONTROL NUMBER IDENTIFIER
control field OSt
005 - DATE AND TIME OF LATEST TRANSACTION
control field 20221005022729.0
008 - FIXED-LENGTH DATA ELEMENTS--GENERAL INFORMATION
fixed length control field 221004b |||||||| |||| 00| 0 eng d
020 ## - INTERNATIONAL STANDARD BOOK NUMBER
International Standard Book Number 1588115011
037 ## - SOURCE OF ACQUISITION
Terms of availability Textual
040 ## - CATALOGING SOURCE
Original cataloging agency CRL
Transcribing agency CRL
Language of cataloging eng
041 ## - LANGUAGE CODE
Source of code eng
Language code of text/sound track or separate title eng
100 ## - MAIN ENTRY--PERSONAL NAME
Personal name Kertesz Andras
9 (RLIN) 578549
245 #0 - TITLE STATEMENT
Title Cognitive semantics and scientific knowledge
Remainder of title Case studies in the cognitive science of science
260 ## - PUBLICATION, DISTRIBUTION, ETC.
Place of publication, distribution, etc. Amsterdam
Name of publisher, distributor, etc. John Benjamins Publishing Company Netherland
Date of publication, distribution, etc. 2004
300 ## - PHYSICAL DESCRIPTION
Extent 259p.
Dimensions cm.
490 ## - SERIES STATEMENT
Series statement Converging evidence in language and communication research
650 ## - SUBJECT ADDED ENTRY--TOPICAL TERM
Topical term or geographic name entry element COGNITIVE STYLES
9 (RLIN) 15127
650 ## - SUBJECT ADDED ENTRY--TOPICAL TERM
Topical term or geographic name entry element LINGUISTICS
650 ## - SUBJECT ADDED ENTRY--TOPICAL TERM
Topical term or geographic name entry element SEMANTICS
942 ## - ADDED ENTRY ELEMENTS (KOHA)
Classification part P:3, P4
Koha item type Textual
Source of classification or shelving scheme
Holdings
Withdrawn status Lost status Damaged status Not for loan Home library Current library Date acquired Source of acquisition Cost, normal purchase price Total Checkouts Full call number Barcode Date last seen Cost, replacement price Price effective from Koha item type
        Central Library Central Library 2022-10-05 10740, 30/03/2005, Govinda Book House 4852.65   P:3 P4 CL1211970 2022-10-05 4852.65 2022-10-05 Textual
Copyright @ Delhi University Library System